[Event "Olympiada sub-16 2014"]
[Site "Gyor HUN"]
[Date "2014.12.21"]
[Round "10.1"]
[White "Jarmula, Lukasz"]
[Black "Morozov, Nichita"]
[Result "1/2-1/2"]
[WhiteElo "2307"]
[BlackElo "2307"]
[PlyCount "64"]
[EventDate "2014.12.13"]
[EventType "team-swiss"]
[EventRounds "10"]
[EventCountry "HUN"]
[Source "lmi"]
[SourceDate "2014.12.15"]
[WhiteTeam "Poland 1"]
[BlackTeam "Moldova"]
[BlackTeamCountry "MDA"]

1. e4 d6 2. d4 Nf6 3. Nc3 g6 4. Be3 Bg7 5. Qd2 c6 6. Bh6 Bxh6 7. Qxh6 b5 8. Bd3
Qa5 9. Nge2 b4 10. Nd1 Ba6 11. O-O Qh5 12. Qe3 Ng4 13. Qg3 Bxd3 14. cxd3 e5 15.
f3 Nf6 16. dxe5 Qxe5 17. Qxe5+ dxe5 18. a3 Na6 19. d4 exd4 20. Nxd4 c5 21. Nc6
O-O 22. Ne3 Kg7 23. Rfc1 Nd7 24. axb4 Nxb4 25. Nxb4 cxb4 26. Rc7 Ne5 27. Nd5 a5
28. b3 Rfc8 29. Rxc8 Rxc8 30. Rxa5 Rc1+ 31. Kf2 Rc2+ 32. Kg3 Nd3 1/2-1/2

[Event "Olympiada sub-16 2014"]
[Site "Gyor HUN"]
[Date "2014.12.21"]
[Round "10.4"]
[White "Zhang, Jiabao"]
[Black "Doknjas, Joshua"]
[Result "1-0"]
[WhiteElo "2089"]
[BlackElo "2005"]
[PlyCount "135"]
[EventDate "2014.12.13"]
[EventType "team-swiss"]
[EventRounds "10"]
[EventCountry "HUN"]
[Source "lmi"]
[SourceDate "2014.12.15"]
[WhiteTeam "China"]
[BlackTeam "Canada 2"]
[WhiteTeamCountry "CHN"]

1. e4 c5 2. Nf3 d6 3. Bb5+ Nd7 4. c4 Ngf6 5. Nc3 g6 6. O-O Bg7 7. d3 O-O 8. Ba4
Ne8 9. Be3 Nc7 10. Qd2 a6 11. Bh6 e5 12. Bxg7 Kxg7 13. Bxd7 Bxd7 14. Ne1 Ne6
15. Ne2 f5 16. f4 Bc6 17. fxe5 dxe5 18. exf5 gxf5 19. Qe3 Qf6 20. Nf3 Bxf3 21.
Qxf3 Rf7 22. Ng3 Nd4 23. Qd5 Qe7 24. Rae1 Re8 25. Re3 Kh8 26. Rxe5 Qxe5 27.
Qxf7 Rg8 28. Nxf5 Ne6 29. Ng3 Rf8 30. Qxb7 Qd4+ 31. Kh1 Rxf1+ 32. Nxf1 Qxd3 33.
Qf3 Qxc4 34. b3 Qd4 35. h3 Nf4 36. Ng3 Qf6 37. Kh2 Qe5 38. Qe4 Qb8 39. Nf5 Ng6+
40. Kh1 Qd8 41. h4 Qf6 42. Kh2 Nf8 43. g3 Qb2+ 44. Kh3 Qa1 45. Ne3 Qg7 46. Nc4
Qd7+ 47. g4 Ne6 48. Qf5 Qc6 49. Kg3 Kg8 50. Ne5 Qd6 51. Qf7+ Kh8 52. Qf6+ Kg8
53. h5 a5 54. h6 a4 55. Kh4 axb3 56. Qf7+ Kh8 57. Qf6+ Kg8 58. axb3 Qd8 59.
Qxd8+ Nxd8 60. g5 Ne6 61. Nd3 Kf7 62. Kh5 Nd4 63. Nxc5 Nc6 64. Nd3 Ne7 65. b4
Ke6 66. Kg4 Kd6 67. Nf4 Ng8 68. Nh5 1-0

[Event "Olympiada sub-16 2014"]
[Site "Gyor HUN"]
[Date "2014.12.21"]
[Round "10.2"]
[White "Kuruppu, Supun Dasantha"]
[Black "Bjerre, Jonas"]
[Result "1-0"]
[WhiteElo "1896"]
[BlackElo "2073"]
[PlyCount "77"]
[EventDate "2014.12.13"]
[EventType "team-swiss"]
[EventRounds "10"]
[EventCountry "HUN"]
[Source "lmi"]
[SourceDate "2014.12.15"]
[WhiteTeam "Sri Lanka"]
[BlackTeam "Denmark"]
[WhiteTeamCountry "SRI"]
[BlackTeamCountry "DEN"]

1. d4 Nf6 2. c4 e6 3. Nc3 Bb4 4. e3 O-O 5. Nge2 Re8 6. a3 Bf8 7. Nf4 d5 8. cxd5
exd5 9. Bd3 c6 10. O-O Nbd7 11. f3 g6 12. e4 dxe4 13. fxe4 c5 14. d5 c4 15. Bc2
Qb6+ 16. Kh1 Ne5 17. h3 Bg7 18. Qe2 a6 19. Be3 Qc7 20. Rad1 Qd6 21. Qf2 Nfd7
22. Na4 b5 23. Nb6 Nxb6 24. Bxb6 a5 25. Bc5 Qd7 26. d6 Bb7 27. Nd5 Bxd5 28.
Rxd5 Nc6 29. a4 b4 30. Qe2 b3 31. Bd1 Ne5 32. Qe3 Qxa4 33. Qf2 Qd7 34. Bd4 Ra6
35. Bxe5 Rxe5 36. Bg4 Qd8 37. Qxf7+ Kh8 38. Rxe5 Bxe5 39. Qe7 1-0

[Event "Olympiada sub-16 2014"]
[Site "Gyor HUN"]
[Date "2014.12.21"]
[Round "10.4"]
[White "Cai, Jason"]
[Black "Olle, Rebeka Sara"]
[Result "1-0"]
[WhiteElo "1962"]
[BlackElo "1827"]
[PlyCount "85"]
[EventDate "2014.12.13"]
[EventType "team-swiss"]
[EventRounds "10"]
[EventCountry "HUN"]
[Source "lmi"]
[SourceDate "2014.12.15"]
[WhiteTeam "Canada 3"]
[BlackTeam "Hungary (Girls)"]

1. e4 c5 2. Nc3 e6 3. f4 d5 4. Nf3 Nc6 5. Bb5 Nge7 6. exd5 Nxd5 7. O-O Be7 8.
Ne5 Bd7 9. Bxc6 Bxc6 10. Nxc6 bxc6 11. Ne4 O-O 12. Kh1 Qd7 13. b3 Nf6 14. Ng3
Rad8 15. Qf3 Nd5 16. a3 f5 17. Bb2 Bf6 18. Bxf6 Nxf6 19. Rad1 Rfe8 20. Qc3 Qd5
21. d3 Ng4 22. Rde1 Qd4 23. Qd2 a5 24. h3 Nf6 25. Qxa5 Ra8 26. Qc7 Rac8 27. Qe5
Ra8 28. a4 Nd5 29. Qxd4 cxd4 30. Re5 Ne3 31. Rc1 Nd5 32. Ne2 c5 33. g3 Rac8 34.
Ng1 Kf7 35. Nf3 h6 36. Kg2 Ne3+ 37. Kf2 Ke7 38. c3 Kd6 39. cxd4 cxd4 40. Rxc8
Rxc8 41. Nxd4 Nd1+ 42. Ke1 Nb2 43. Kd2 1-0